[Event "Challenge"]
[Site "http://www.queenalice.com/game.php?id=1172774"]
[Date "2013.4.18"]
[Round "-"]
[White "RagnarLodbrok"]
[Black "Matteo23"]
[Result "1-0"]
[WhiteElo "1866"]
[BlackElo "1528"]

1. d4 d5 2. c4 c6 3. Nf3 Bf5 4. e3 e6 5. Nc3 Bb4 6. Qb3 Na6 7. cxd5 exd5 8. Bxa6
Qa5 9. Bxb7 Rb8 10. Bxc6+ Bd7 11. Bxd7+ Kxd7 12. O-O Nf6 13. Ne5+ Ke6 14. Nc6
Bxc3 15. Nxa5 Rxb3 16. Nxb3 Bb4 17. Bd2 Bd6 18. Rfc1 Ng4 19. h3 Nf6 20. Rc6 Ne4
21. Rac1 Kd7 22. Ba5 h5 23. Bc7 Bc5 24. R1xc5 Nxc5 25. Rxc5 Rc8 26. Be5 Rxc5 27.
dxc5 Kc6 28. Bd4 g5 29. Na5+ Kb5 30. c6 1-0

[Event "Challenge"]
[Site "http://www.queenalice.com/game.php?id=1174281"]
[Date "2013.4.23"]
[Round "-"]
[White "Enophile78"]
[Black "RagnarLodbrok"]
[Result "0-1"]
[WhiteElo "1485"]
[BlackElo "1593"]

1. e4 e6 2. d3 d5 3. e5 c5 4. d4 Nc6 5. c3 Qb6 6. Be3 Qxb2 7. Nd2 cxd4 8. cxd4
Nxd4 9. Bxd4 Qxd4 10. Bb5+ Kd8 11. Rc1 Qxe5+ 12. Kf1 Ba3 13. Qc2 Bxc1 14. Qxc1
Bd7 15. Bd3 Rc8 16. Qe1 Qxe1+ 17. Kxe1 Rc1+ 18. Ke2 Ra1 19. f3 Nf6 20. h4 Nh5
21. Kf2 Rxa2 22. Ke3 d4+ 23. Kxd4 Rxd2 24. Nh3 Bb5 25. Kc3 Rxd3+ 26. Kb4 Bc6 27.
Ng5 Kc7 28. Nxf7 Kb6 29. Nxh8 a5+ 30. Kc4 Bb5# 0-1

[Event "Challenge"]
[Site "http://www.queenalice.com/game.php?id=1181986"]
[Date "2013.5.16"]
[Round "-"]
[White "RagnarLodbrok"]
[Black "sasosaso"]
[Result "0-1"]
[WhiteElo "2199"]
[BlackElo "2039"]

1. d4 Nf6 2. c4 e6 3. g3 d5 4. Nf3 Bb4+ 5. Bd2 Be7 6. Bg2 O-O 7. O-O c6 8. Qc2
b6 9. Rd1 Ba6 10. b3 Nbd7 11. a4 c5 12. Na3 Ne4 13. Be1 Bb7 14. Qb2 Re8 15. Rac1
a6 16. b4 Bc6 17. Qb3 Qc7 18. a5 cxb4 19. Bxb4 Bxb4 20. Qxb4 bxa5 21. Qe1 a4 22.
Nd2 Ndf6 23. Nxe4 dxe4 24. c5 e5 25. Nc4 exd4 26. Rxd4 Rab8 27. e3 Red8 28. Nd6
a3 29. Nxe4 Nxe4 30. Bxe4 Rxd4 31. exd4 Re8 32. d5 Bxd5 33. Bxh7+ Kf8 34. Qd2
Qe5 35. c6 g6 36. Qh6+ Ke7 37. Qh4+ Ke6 38. Qg4+ Kf6 0-1

[Event "Challenge"]
[Site "http://www.queenalice.com/game.php?id=1181987"]
[Date "2013.5.16"]
[Round "-"]
[White "Try_Me"]
[Black "RagnarLodbrok"]
[Result "0-1"]
[WhiteElo "2078"]
[BlackElo "1953"]

1. d4 Nf6 2. c4 g6 3. Nc3 d5 4. cxd5 Nxd5 5. e4 Nxc3 6. bxc3 Bg7 7. Nf3 c5 8.
Rb1 O-O 9. Be2 Nc6 10. d5 Bxc3+ 11. Bd2 Bxd2+ 12. Qxd2 Na5 13. h4 Bg4 14. Ng5
Bxe2 15. Kxe2 h6 16. Nh3 Kh7 17. Qc3 b6 18. Ng5+ Kg8 19. h5 Qc8 20. f3 Qa6+ 21.
Kf2 Qc4 22. Qb2 hxg5 23. Rbd1 Qb4 24. Qe5 Nc4 25. Qxg5 Qb2+ 26. Kg1 Qf6 27. Qc1
Ne5 28. Rh3 g5 29. Rg3 Kh7 30. Rxg5 Rg8 31. f4 Ng4 32. Rf5 Qg7 33. Rg5 Qh6 34.
Rf5 Rg7 35. Rd3 Rag8 36. g3 Nf6 37. Qe1 Nxh5 38. Kf2 Nf6 39. Rf3 Qh2+ 40. Ke3
Rxg3 41. Rg5 Ng4+ 42. Rxg4 R8xg4 0-1

[Event "Challenge"]
[Site "http://www.queenalice.com/game.php?id=1181988"]
[Date "2013.5.16"]
[Round "-"]
[White "ramonigerpawn"]
[Black "RagnarLodbrok"]
[Result "0-1"]
[WhiteElo "2045"]
[BlackElo "2028"]

1. d4 Nf6 2. c4 g6 3. Nc3 d5 4. cxd5 Nxd5 5. e4 Nxc3 6. bxc3 Bg7 7. Bc4 c5 8.
Ne2 Nc6 9. Bb2 O-O 10. a3 Bg4 11. f3 Bd7 12. O-O Qb6 13. Rb1 Rad8 14. Bc1 Qc7
15. Bf4 Qc8 16. h4 e5 17. Bg5 exd4 18. Bxd8 Qxd8 19. cxd4 Nxd4 20. Rxb7 Nxe2+
21. Bxe2 Bd4+ 22. Rf2 Qxh4 23. Qe1 Bc6 24. Rb3 f5 25. Bc4+ Kg7 26. Bd5 Bxd5 27.
exd5 Re8 28. Rb7+ Kh6 29. Qd2+ Be3 30. Qe2 Bxf2+ 31. Qxf2 Re1+ 32. Qf1 Qd4+ 0-1

[Event "Challenge"]
[Site "http://www.queenalice.com/game.php?id=1182288"]
[Date "2013.5.17"]
[Round "-"]
[White "RagnarLodbrok"]
[Black "ramonigerpawn"]
[Result "1-0"]
[WhiteElo "2080"]
[BlackElo "2045"]

1. d4 Nf6 2. c4 g6 3. Nc3 Bg7 4. e4 d6 5. Nf3 Nbd7 6. Be2 O-O 7. O-O c5 8. d5 a6
9. a4 Rb8 10. h3 b5 11. axb5 axb5 12. cxb5 Nh5 13. Be3 Ne5 14. Nxe5 Bxe5 15.
Bxh5 gxh5 16. f4 Bf6 17. Qxh5 e5 18. f5 Bg7 19. g4 Bd7 20. g5 Qe8 21. f6 Bh8 22.
Ra7 Bxb5 23. Rfa1 Qc8 24. Bc1 Bd7 25. Kh2 c4 26. Qf3 Rd8 27. Qe3 h6 28. R1a6 Qc5
29. Qxc5 dxc5 30. h4 Kh7 31. Rd6 Be8 32. Rxd8 Rxd8 33. Rc7 hxg5 34. hxg5 Kg6 35.
Rxc5 Bd7 36. Rxc4 Bxf6 37. gxf6 Kh5 38. Rc7 Kg4 39. Kg2 Be8 40. Nd1 Rd6 41. Re7
Ba4 42. Ne3+ 1-0

[Event "Challenge"]
[Site "http://www.queenalice.com/game.php?id=1182475"]
[Date "2013.5.18"]
[Round "-"]
[White "trimetria"]
[Black "RagnarLodbrok"]
[Result "0-1"]
[WhiteElo "2049"]
[BlackElo "2152"]

1. d4 Nf6 2. Bg5 e6 3. Bxf6 Qxf6 4. Nf3 c5 5. e3 Nc6 6. Bb5 b6 7. Bxc6 dxc6 8.
Nc3 Bb7 9. dxc5 Bxc5 10. O-O Rd8 11. Qe2 Bb4 12. Qc4 Bxc3 13. Qxc3 Qxc3 14. bxc3
c5 15. Rad1 Ke7 16. Ng5 f6 17. Nh3 Be4 18. Rc1 Rd2 19. f3 Bxc2 20. Rf2 Rd1+ 21.
Rxd1 Bxd1 22. Rb2 Ba4 23. Nf4 Rd8 24. Kf2 Rd1 25. Ke2 Rc1 26. Kd2 Rg1 27. e4 g5
28. Ne2 Rxg2 29. Rxb6 axb6 30. Ke1 Rxh2 0-1

[Event "Challenge"]
[Site "http://www.queenalice.com/game.php?id=1186513"]
[Date "2013.5.31"]
[Round "-"]
[White "RagnarLodbrok"]
[Black "Try_Me"]
[Result "1-0"]
[WhiteElo "2175"]
[BlackElo "2069"]

1. d4 Nf6 2. c4 e6 3. g3 c5 4. d5 exd5 5. cxd5 d6 6. Nc3 g6 7. Bg2 Bg7 8. Nf3
O-O 9. O-O a6 10. a4 Nbd7 11. Bf4 Qe7 12. h3 Nh5 13. Bg5 f6 14. Bd2 f5 15. e4
fxe4 16. Re1 Nhf6 17. Bf4 Nb6 18. Ng5 Nc4 19. Ngxe4 Nxe4 20. Rxe4 Ne5 21. Bxe5
dxe5 22. d6 Qf7 23. Re2 Rb8 24. Bd5 Be6 25. Bxe6 Qxe6 26. Kg2 Rbd8 27. Ne4 b6
28. a5 b5 29. Rd2 c4 30. Qg4 Qxg4 31. hxg4 Rf7 32. Rad1 Ra7 33. Rd5 h6 34. Rc5
Bf8 35. Rc7 Rxc7 36. dxc7 Rc8 37. Rd7 1-0

[Event "dorjon - ragnar"]
[Site "http://www.queenalice.com/game.php?id=1186552"]
[Date "2013.5.31"]
[Round "-"]
[White "dorjon"]
[Black "RagnarLodbrok"]
[Result "0-1"]
[WhiteElo "2147"]
[BlackElo "2164"]

1. e4 e6 2. d4 d5 3. exd5 exd5 4. Bd3 Nc6 5. Be3 Bd6 6. Nf3 Bg4 7. h3 Bh5 8. c3
Nge7 9. O-O Qd7 10. Nbd2 O-O-O 11. Bb5 f6 12. c4 Bb4 13. Qb3 dxc4 14. Qxc4 a6
15. Qxb4 Nxb4 16. Bxd7+ Rxd7 17. a3 Nbc6 18. b4 Bxf3 19. Nxf3 Nf5 20. Rfd1 Rhd8
21. Kf1 Ncxd4 22. Nxd4 Nxd4 23. Bxd4 Rxd4 24. Rxd4 Rxd4 25. Ke2 c6 26. Ke3 Rd5
27. f4 Kc7 28. Rc1 Kb6 29. a4 a5 30. Rb1 Ka6 31. bxa5 Rxa5 32. Rb4 Rd5 33. g4 b6
34. Rc4 c5 35. Re4 Ka5 36. Re7 Kxa4 37. Rxg7 c4 38. Rb7 b5 39. Rxh7 b4 40. Ke4
Rd1 41. Ra7+ Kb3 42. Kf5 c3 43. Kxf6 c2 44. Rc7 Rd3 45. g5 Rc3 46. Rxc3+ bxc3
0-1

[Event "ragnar - davidbarroso"]
[Site "http://www.queenalice.com/game.php?id=1186553"]
[Date "2013.5.31"]
[Round "-"]
[White "RagnarLodbrok"]
[Black "davidbarroso"]
[Result "1-0"]
[WhiteElo "2196"]
[BlackElo "2144"]

1. d4 Nf6 2. c4 e6 3. g3 Bb4+ 4. Bd2 Qe7 5. Bg2 O-O 6. Nf3 Nc6 7. O-O Bxd2 8.
Qxd2 d6 9. Nc3 e5 10. d5 Nb8 11. b4 a5 12. a3 Na6 13. Ne1 Bf5 14. e4 Bg6 15. Nd3
Nd7 16. f4 axb4 17. axb4 f5 18. Rae1 Nb6 19. c5 Nc4 20. Qa2 Na3 21. fxe5 dxc5
22. exf5 Bf7 23. e6 Bh5 24. d6 cxd6 25. Nd5 Qe8 26. Qxa3 Nxb4 27. Qb3 Nxd3 28.
Qxd3 Ra2 29. e7 1-0

[Event "Ragnar-dorjon"]
[Site "http://www.queenalice.com/game.php?id=1186771"]
[Date "2013.6.1"]
[Round "-"]
[White "RagnarLodbrok"]
[Black "dorjon"]
[Result "1-0"]
[WhiteElo "2121"]
[BlackElo "2153"]

1. d4 Nf6 2. c4 e6 3. g3 c5 4. d5 exd5 5. cxd5 d6 6. Nc3 g6 7. Bg2 Bg7 8. Nf3
O-O 9. O-O Re8 10. Bf4 a6 11. a4 Bg4 12. h3 Bxf3 13. Bxf3 Nbd7 14. Bxd6 Qb6 15.
Bf4 Qxb2 16. Qc1 Qxc1 17. Rfxc1 b6 18. Rab1 Ra7 19. g4 h6 20. h4 h5 21. g5 Ng4
22. Ne4 Nge5 23. Bg2 Bf8 24. Rxb6 Nxb6 25. Nf6+ Kh8 26. Nxe8 Re7 27. Nc7 Nbc4
28. Nxa6 Ra7 29. Nxc5 Bxc5 30. Bxe5+ Nxe5 31. Rxc5 Rxa4 32. d6 Ra1+ 33. Kh2 1-0

[Event "Crolik-ragnarlodbrok"]
[Site "http://www.queenalice.com/game.php?id=1189695"]
[Date "2013.6.10"]
[Round "-"]
[White "crolik"]
[Black "RagnarLodbrok"]
[Result "1/2-1/2"]
[WhiteElo "2266"]
[BlackElo "2242"]

1. e4 e6 2. d4 d5 3. Nd2 Nf6 4. Bd3 c5 5. c3 cxd4 6. cxd4 dxe4 7. Nxe4 Nxe4 8.
Bxe4 Nd7 9. Nf3 Nf6 10. Bd3 Bb4+ 11. Bd2 Bxd2+ 12. Qxd2 O-O 13. O-O b6 14. Ne5
Bb7 15. Qe3 Qd5 16. f3 Rfd8 17. Rac1 Qxd4 18. Qxd4 Rxd4 19. Rc7 Rb8 20. Rfc1 Ne8
21. Rxf7 Rxd3 22. Rxb7 Rxb7 23. Nxd3 Rc7 24. Rxc7 Nxc7 25. Kf2 Kf7 26. Ke3 Ke7
27. Ne5 Kd6 28. Ke4 Nd5 29. f4 Nb4 30. a3 Na6 31. b4 Nc7 32. Nc4+ Kd7 33. Ke5
Nd5 34. g3 Ne7 35. Ke4 b5 36. Ne5+ Kd6 37. Nf7+ Kd7 38. Kd4 Nd5 39. Kc5 Nc3 40.
Ne5+ Kc7 41. Nf3 a6 42. Ng5 Kd7 43. Nxh7 Nb1 44. Kb6 Nxa3 45. Kxa6 e5 46. fxe5
Ke6 47. Ka5 Kxe5 48. Ng5 Kf5 49. Nf7 Kg4 50. Nd6 Kh3 51. Nxb5 Nc4+ 52. Ka6 Kxh2
53. Nd4 g6 54. g4 1/2-1/2

[Event "Challenge"]
[Site "http://www.queenalice.com/game.php?id=1190752"]
[Date "2013.6.14"]
[Round "-"]
[White "RagnarLodbrok"]
[Black "eddval"]
[Result "1-0"]
[WhiteElo "2219"]
[BlackElo "2132"]

1. d4 Nf6 2. c4 e6 3. g3 Bb4+ 4. Bd2 Qe7 5. Nf3 b6 6. Bg2 Bb7 7. O-O Bxd2 8.
Qxd2 Ne4 9. Qe3 f5 10. Nfd2 d5 11. Nxe4 fxe4 12. Nc3 O-O 13. f3 exf3 14. Bxf3
Na6 15. Nxd5 Qd6 16. Nf6+ Rxf6 17. Bxb7 Nb4 18. Rxf6 gxf6 19. Bxa8 Nc2 20. Qf4
Qxf4 21. gxf4 Nxa1 22. Be4 f5 23. Bd3 Kg7 24. Kf2 Kg6 25. Ke3 Kh5 26. d5 1-0

[Event "Challenge"]
[Site "http://www.queenalice.com/game.php?id=1197928"]
[Date "2013.7.8"]
[Round "-"]
[White "tucot"]
[Black "RagnarLodbrok"]
[Result "1-0"]
[WhiteElo "2312"]
[BlackElo "2274"]

1. d4 Nf6 2. Bg5 e6 3. Nd2 h6 4. Bh4 c5 5. e3 Be7 6. c3 b6 7. Ngf3 Bb7 8. Bd3
O-O 9. Qe2 Nc6 10. O-O d6 11. h3 Qc7 12. Rac1 Rac8 13. e4 Nh5 14. Bxe7 Qxe7 15.
g3 cxd4 16. Nxd4 Nf6 17. f4 e5 18. Nf5 Qc7 19. fxe5 Nxe5 20. Nxh6+ Kh7 21. Rxf6
gxf6 22. Qh5 Rh8 23. Nc4 Qc5+ 24. Kf1 Ng6 25. e5 Be4 26. Be2 Nxe5 27. Nxe5 Qxe5
28. Nf5+ Kg8 29. Qg4+ Kf8 30. Qg7+ Ke8 31. Qxh8+ Kd7 32. Qh5 Bxf5 33. Qxf7+ Kc6
34. Bf3+ d5 35. Re1 Bxh3+ 36. Kf2 Qf5 37. Qxa7 Rc7 38. Qa8+ Kd6 39. Qa3+ Kc6 40.
Qa4+ Kd6 41. Qb4+ Kc6 42. c4 Kb7 43. Re7 1-0

[Event "Challenge"]
[Site "http://www.queenalice.com/game.php?id=1199251"]
[Date "2013.7.12"]
[Round "-"]
[White "RagnarLodbrok"]
[Black "tucot"]
[Result "1/2-1/2"]
[WhiteElo "2248"]
[BlackElo "2313"]

1. d4 Nf6 2. c4 g6 3. Nc3 Bg7 4. e4 d6 5. Nf3 O-O 6. Be2 Bg4 7. Be3 Nfd7 8. O-O
Nc6 9. d5 Bxf3 10. Bxf3 Na5 11. Be2 c5 12. Qd2 a6 13. Rab1 Qc7 14. f4 e6 15. f5
exf5 16. exf5 Rfe8 17. Kh1 Qd8 18. fxg6 hxg6 19. Rf2 Rxe3 20. Qxe3 Bd4 21. Qg3
Bxf2 22. Qxf2 Ne5 23. Rf1 Qe7 24. b3 Kg7 25. Ne4 f5 26. Nc3 Rf8 27. g3 b6 28. h4
Nb7 29. Kg2 Nd8 30. Na4 b5 31. cxb5 axb5 32. Bxb5 Ng4 33. Re1 Qb7 34. Qb2+ Kh7
35. Bc4 Nf7 36. Re6 Nfe5 37. Qd2 Rf6 38. Rxf6 Nxf6 39. Nc3 Nfg4 40. Be2 Qb4 41.
Kf1 c4 42. Qd4 Qa3 43. bxc4 Qb2 44. a4 Qc1+ 45. Nd1 Qa3 46. Qa7+ Kg8 47. Qb8+
Kh7 48. Qc7+ Kg8 49. Qd8+ Kg7 50. Qe7+ Kg8 51. Qe6+ Kg7 52. Bxg4 Nxg4 53. Qe7+
Kg8 54. a5 Qf3+ 55. Ke1 Ne5 56. Qd8+ 1/2-1/2

[Event "Challenge"]
[Site "http://www.queenalice.com/game.php?id=1205510"]
[Date "2013.8.5"]
[Round "-"]
[White "RagnarLodbrok"]
[Black "eddval"]
[Result "1-0"]
[WhiteElo "2239"]
[BlackElo "2160"]

1. d4 Nf6 2. c4 e6 3. g3 Bb4+ 4. Bd2 Qe7 5. Bg2 h6 6. Nf3 Ne4 7. O-O Bxd2 8.
Nbxd2 Nxd2 9. Qxd2 d5 10. e4 dxc4 11. Rac1 b5 12. b3 cxb3 13. Qa5 c6 14. axb3
Bb7 15. d5 a6 16. Ne5 c5 17. d6 Qxd6 18. Rfd1 Qe7 19. Rxc5 O-O 20. Rc7 Qf6 21.
f4 Bc8 22. Qc3 b4 23. Qc5 1-0

[Event "Challenge"]
[Site "http://www.queenalice.com/game.php?id=1205512"]
[Date "2013.8.5"]
[Round "-"]
[White "RagnarLodbrok"]
[Black "eddval"]
[Result "1-0"]
[WhiteElo "2258"]
[BlackElo "2160"]

1. d4 d5 2. c4 c6 3. Nf3 Nf6 4. e3 e6 5. b3 Nbd7 6. Bb2 Bb4+ 7. Nbd2 Ne4 8. a3
Bxd2+ 9. Nxd2 Nxd2 10. Qxd2 O-O 11. Bd3 f5 12. O-O-O Nf6 13. h3 Bd7 14. g4 Ne4
15. Qc2 Qh4 16. Rh2 Rf7 17. f3 Nd6 18. Bc3 Raf8 19. Bb4 Qe7 20. e4 fxe4 21. fxe4
dxe4 22. Bxe4 Qg5+ 23. Kb1 Nxe4 24. Bxf8 Ng3 25. Bd6 Nf1 26. Rf2 Ne3 27. Rxf7
Kxf7 28. Qf2+ Kg6 29. Bf4 Nxd1 30. Qc2+ 1-0

[Event "Challenge"]
[Site "http://www.queenalice.com/game.php?id=1219042"]
[Date "2013.9.22"]
[Round "-"]
[White "tucot"]
[Black "RagnarLodbrok"]
[Result "1-0"]
[WhiteElo "2318"]
[BlackElo "2251"]

1. e4 e6 2. d3 d5 3. Nd2 Nf6 4. Ngf3 b6 5. c3 c5 6. g3 Be7 7. a3 O-O 8. e5 Nfd7
9. d4 f6 10. Bh3 Kh8 11. O-O Nc6 12. Bxe6 Ndxe5 13. Bxc8 Nxf3+ 14. Nxf3 Rxc8 15.
Be3 Re8 16. Re1 Bf8 17. Kg2 Qd7 18. h3 Rcd8 19. Qa4 Re4 20. b4 c4 21. Nd2 Re6
22. Nf1 Rde8 23. Bd2 g6 24. Rxe6 Rxe6 25. Re1 Rxe1 26. Bxe1 Bh6 27. Bd2 Bxd2 28.
Nxd2 Nb8 29. Qd1 Nc6 30. Qf3 Kg7 31. Nf1 Ne7 32. Ne3 b5 33. h4 h5 34. Qf4 Nc8
35. g4 Ne7 36. f3 1-0

[Event "Challenge"]
[Site "http://www.queenalice.com/game.php?id=1219043"]
[Date "2013.9.22"]
[Round "-"]
[White "RagnarLodbrok"]
[Black "tucot"]
[Result "0-1"]
[WhiteElo "2236"]
[BlackElo "2319"]

1. d4 Nf6 2. c4 g6 3. Nc3 Bg7 4. e4 d6 5. Nf3 O-O 6. Be2 Bg4 7. Be3 Nfd7 8. Rc1
c5 9. d5 a6 10. a4 Qc7 11. O-O Bxf3 12. Bxf3 e5 13. dxe6 fxe6 14. Bg4 Re8 15. f4
Nf6 16. f5 exf5 17. Bf3 Nxe4 18. Bxe4 fxe4 19. Qd5+ Kh8 20. Rf7 Re7 21. Rcf1 Nc6
22. Bg5 Rxf7 23. Rxf7 Qxf7 24. Qxf7 Rf8 25. Qxf8+ Bxf8 26. Nxe4 Na5 27. Nd2 Kg7
28. Kf2 Kf7 29. Ke3 h6 30. Bd8 Nc6 31. Bb6 Ke6 32. Ke4 Bg7 33. b3 Nb4 34. Ba5
Na2 35. Kd3 Nc1+ 36. Kc2 Ne2 37. Nf3 g5 38. Kd2 Nf4 39. g4 d5 40. cxd5+ Kxd5 41.
Kc2 Ke4 42. Nd2+ Ke3 43. Bb6 Ne6 44. Nc4+ Kf4 45. Kd3 Bd4 0-1

[Event "Challenge"]
[Site "http://www.queenalice.com/game.php?id=1234961"]
[Date "2013.11.24"]
[Round "-"]
[White "elrey"]
[Black "RagnarLodbrok"]
[Result "1-0"]
[WhiteElo "2289"]
[BlackElo "2243"]

1. e4 e6 2. d3 d5 3. Nd2 Nf6 4. Ngf3 b6 5. Qe2 Bb7 6. e5 Nfd7 7. Qe3 c5 8. c3
Nc6 9. Be2 Qc7 10. d4 cxd4 11. Nxd4 Qxe5 12. N2f3 Qxe3 13. Bxe3 e5 14. Nc2 Rd8
15. O-O f6 16. Rad1 Nc5 17. Nh4 g6 18. f4 Bh6 19. fxe5 Bg5 20. exf6 Bxh4 21. g3
Kf7 22. gxh4 Rhe8 23. h5 Ba6 24. Bxa6 Nxa6 25. hxg6+ hxg6 26. b4 Nc7 27. a4 Re4
28. b5 Rg4+ 29. Kh1 Ne5 30. Bf4 Re8 31. Rd4 Rxf4 32. Rdxf4 Rh8 33. Nd4 Nc4 34.
R1f2 Nd6 35. Nc6 g5 36. R4f3 Rf8 37. Rg2 1-0

[Event "Challenge"]
[Site "http://www.queenalice.com/game.php?id=1236249"]
[Date "2013.11.29"]
[Round "-"]
[White "RagnarLodbrok"]
[Black "tucot"]
[Result "1-0"]
[WhiteElo "2222"]
[BlackElo "2313"]

1. d4 Nf6 2. c4 e6 3. g3 c5 4. d5 exd5 5. cxd5 d6 6. Nc3 g6 7. Nf3 Bg7 8. Bg2
O-O 9. O-O Re8 10. Bf4 Na6 11. Re1 Bg4 12. e4 Nd7 13. h3 Bxf3 14. Bxf3 Ne5 15.
Be2 Nc7 16. Kg2 f5 17. Be3 fxe4 18. Nxe4 b5 19. Bg5 Qd7 20. b3 h6 21. Bxh6 Bh8
22. Bg5 b4 23. Qc2 Qf7 24. Rad1 Nxd5 25. Nxd6 1-0

[Event "Challenge"]
[Site "http://www.queenalice.com/game.php?id=1236250"]
[Date "2013.11.29"]
[Round "-"]
[White "tucot"]
[Black "RagnarLodbrok"]
[Result "1-0"]
[WhiteElo "2414"]
[BlackElo "2232"]

1. e4 e6 2. d4 d5 3. Nc3 Nf6 4. e5 Nfd7 5. f4 c5 6. Nf3 Nc6 7. Be3 Be7 8. Qd2
O-O 9. Bd3 f6 10. Nb5 c4 11. Be2 Qb6 12. Nc3 Qxb2 13. Rb1 Qa3 14. Nb5 Qxa2 15.
O-O Qa5 16. Qxa5 Nxa5 17. Nc7 Rb8 18. Nxe6 Nxe5 19. Nxf8 Nec6 20. Rb5 Kxf8 21.
Rxd5 b5 22. Rh5 Kg8 23. d5 Nb4 24. d6 Bxd6 25. Bxa7 Rb7 26. Bc5 Bxc5+ 27. Rxc5
Bd7 28. Ra1 Nbc6 29. Rb1 b4 30. Bxc4+ Nxc4 31. Rxc4 Kf7 32. Nd4 Nxd4 33. Rxd4
Bf5 34. Rb2 Rc7 35. Rdxb4 Bxc2 36. Rb7 Rxb7 37. Rxb7+ Kg6 38. Kf2 Kh6 39. Ke3 g5
40. Rb6 Kg7 41. g3 h6 42. Rc6 Bf5 43. Kf3 h5 44. Ke3 1-0

[Event "Challenge"]
[Site "http://www.queenalice.com/game.php?id=1247755"]
[Date "2014.1.13"]
[Round "-"]
[White "RagnarLodbrok"]
[Black "tucot"]
[Result "0-1"]
[WhiteElo "2225"]
[BlackElo "2418"]

1. d4 Nf6 2. c4 e6 3. g3 Bb4+ 4. Bd2 c5 5. Bxb4 cxb4 6. Bg2 O-O 7. e4 d6 8. Ne2
e5 9. O-O Bg4 10. f3 Bd7 11. Nd2 b5 12. Qc2 Na6 13. c5 Rc8 14. Qd3 Qe7 15. cxd6
Qxd6 16. f4 Nc5 17. Qb1 Ng4 0-1